A prototype KM system for urban regeration: the case of intelcities IP (Record no. 106991)

MARC details
000 -LEADER
fixed length control field 01285cam a22002415a 4500
001 - CONTROL NUMBER
control field L138059
008 - FIXED-LENGTH DATA ELEMENTS--GENERAL INFORMATION
fixed length control field 070515e2005 xxk f 100 0 eng d
035 ## - SYSTEM CONTROL NUMBER
System control number (Sirsi) u138059
041 0# - LANGUAGE CODE
Language code of text/sound track or separate title eng
100 1# - MAIN ENTRY--PERSONAL NAME
Personal name Wong, Chee H.
245 02 - TITLE STATEMENT
Title A prototype KM system for urban regeration: the case of intelcities IP
Medium [electronic resource]
260 ## - PUBLICATION, DISTRIBUTION, ETC.
Date of publication, distribution, etc. 2005
490 #0 - SERIES STATEMENT
Series statement COBRA
Volume/sequential designation 2005
520 ## - SUMMARY, ETC.
Summary, etc. Discusses the issue of e-Learning, knowledge transfer and capacity building in a knowledge management system prototype study for European civil services, businesses and citizens. Includes the demonstration of strategic applications of the KM system for a range of e-Governance services such as electronic citizenship, electronic inclusion, and electronic participation that contribute to the sustainable urban regeneration.
651 #4 - SUBJECT ADDED ENTRY--GEOGRAPHIC NAME
Geographic name EUROPEAN UNION
690 ## - LOCAL SUBJECT ADDED ENTRY--TOPICAL TERM (OCLC, RLIN)
Topical term or geographic name as entry element MANAGEMENT-BUSINESS MANAGEMENT-INFORMATION MANAGEMENT-KNOWLEDGE MANAGEMENT
700 1# - ADDED ENTRY--PERSONAL NAME
Personal name Deakin, M.
700 1# - ADDED ENTRY--PERSONAL NAME
Personal name Isacker, K.V.
700 1# - ADDED ENTRY--PERSONAL NAME
Personal name Allwinkle, S.
711 2# - ADDED ENTRY--MEETING NAME
Meeting name or jurisdiction name as entry element Construction and Building Research Conference
Location of meeting University of Queensland, Brisbane
Date of meeting or treaty signing 4-5 July 2005
856 40 - ELECTRONIC LOCATION AND ACCESS
Uniform Resource Identifier <a href="https://www.rics.org/site/scripts/download_info.aspx?downloadID=2564">https://www.rics.org/site/scripts/download_info.aspx?downloadID=2564</a>
Public note View the item free of charge at www.rics.org...
942 ## - ADDED ENTRY ELEMENTS (KOHA)
Suppress in OPAC 0
Holdings
Withdrawn status Lost status Source of classification or shelving scheme Damaged status Not for loan Home library Current library Shelving location Date acquired Total Checkouts Full call number Barcode Date last seen Copy number Price effective from Koha item type
    Dewey Decimal Classification     Virtual Virtual Online 15/05/2007   ONLINE PUBLICATION 138059-2001 06/08/2019 1 06/08/2019 Book